000 00461nam a2200169Ia 4500
005 20250508152245.0
008 008 250505s9999 xx 000 0 eng d
037 _aTextual
040 _aFEDL
_beng
_cFEDL
041 _aeng
_2eng
084 _a371.7322, LAI
_qFEDL
100 _aLaing Margaret
_9408864
245 0 _aPhysical education in the infant school
300 _a128p.
942 _cTEXL
_h371.7322, LAI
999 _c1335337
_d1335337